000 00459nam a2200157 i 4500
001 bg
100 1 _aCHOLEWIŃSKI, Jerzy
245 0 _aOptymalizacja w projektowaniu regionalnej gospodarki odpadami stałymi /
_cJ. Cholewiński, S. Cholewiński.
260 _aWarszawa,
_c1984.
700 1 _aCHOLEWIŃSKI, Stanisław
040 _cBPK
041 _apol
080 _a628.4:338.23:711.1/.2(438)
942 _cKS
008 s pl f |000 0 pol
999 _c22771
_d22771
856 _uhttp://koha.tu.koszalin.pl/cgi-bin/koha/opac-detail.pl?biblionumber=22771
_yKatalog online BPK